[Event "GER-chT U12"]
[Site "Magdeburg"]
[Date "2021.08.08"]
[Round "7.2"]
[White "Wagner, Anton"]
[Black "Dorendorf, Mika"]
[Result "1-0"]
[WhiteElo "1406"]
[BlackElo "1492"]
[PlyCount "71"]
[EventDate "2021.08.04"]
[EventType "team-swiss"]
[EventRounds "7"]
[EventCountry "GER"]
[SourceTitle "EXT 2022"]
[Source "ChessBase"]
[SourceDate "2021.10.06"]
[SourceVersion "1"]
[SourceVersionDate "2021.10.06"]
[SourceQuality "1"]
[WhiteTeam "Erfurt USV"]
[BlackTeam "Hamburger SK"]
[WhiteTeamCountry "GER"]
[BlackTeamCountry "GER"]

1. d4 d5 2. c4 e6 3. Nc3 Nf6 4. a3 Be7 5. Nf3 0-0 6. e3 b6 7. Be2 Bb7 8. 0-0 Nbd7 9. b4 a5 10. Rb1 dxc4 11. Bxc4 Nd5 12. Nxd5 exd5 13. Bd3 axb4 14. axb4 Nf6 15. Bd2 Ne4 16. Qc2 Nxd2 17. Qxd2 Qd6 18. Rfc1 Rfc8 19. b5 Ra4 20. Bf1 Qa3 21. Qc3 Qxc3 22. Rxc3 Bd6 23. Rbc1 Rb4 24. Ra1 Ra8 25. Rxa8+ Bxa8 26. Ra3 Bb7 27. Ra7 Kf8 28. Rxb7 Ra4 29. Ne5 Ra1 30. Nc6 Ke8 31. Rb8+ Kd7 32. Rd8+ Ke6 33. g3 Kf6 34. Re8 Kg6 35. Ne7+ Bxe7 36. Rxe7 1-0

[Event "GER-chT U12"]
[Site "Magdeburg"]
[Date "2021.08.06"]
[Round "4.4"]
[White "Rudolph, Alexander"]
[Black "Wagner, Anton"]
[Result "0-1"]
[WhiteElo "1352"]
[BlackElo "1406"]
[PlyCount "120"]
[EventDate "2021.08.04"]
[EventType "team-swiss"]
[EventRounds "7"]
[EventCountry "GER"]
[SourceTitle "EXT 2022"]
[Source "ChessBase"]
[SourceDate "2021.10.06"]
[SourceVersion "1"]
[SourceVersionDate "2021.10.06"]
[SourceQuality "1"]
[WhiteTeam "Muenchen Tarrasch"]
[BlackTeam "Erfurt USV"]
[WhiteTeamCountry "GER"]
[BlackTeamCountry "GER"]

1. e4 e5 2. Nf3 Nc6 3. d4 exd4 4. Nxd4 Bc5 5. Be3 Qf6 6. Nb5 Bxe3 7. fxe3 Qe5 8. N1c3 a6 9. Nd4 Nf6 10. Nxc6 dxc6 11. Qd4 Qxd4 12. exd4 0-0 13. 0-0-0 Re8 14. Re1 Be6 15. Bd3 Rad8 16. Ne2 Bg4 17. c3 Nxe4 18. Bxe4 Rxe4 19. Ng3 Rxe1+ 20. Rxe1 Be6 21. Kc2 Bd5 22. Re2 Kf8 23. b3 b5 24. Nf1 Re8 25. Rxe8+ Kxe8 26. Ne3 Be4+ 27. Kd2 Ke7 28. g3 h5 29. Nc2 Bxc2 30. Kxc2 Kd6 31. Kd3 c5 32. b4 cxb4 33. cxb4 Kd5 34. a3 c6 35. h3 f5 36. Ke3 Kc4 37. Kf4 Kb3 38. Kxf5 Kxa3 39. g4 hxg4 40. hxg4 Kxb4 41. g5 a5 42. Kg6 a4 43. Kxg7 a3 44. Kf7 a2 45. g6 a1Q 46. g7 Qa2+ 47. Kf8 Kc3 48. d5 Qxd5 49. g8Q Qxg8+ 50. Kxg8 b4 51. Kf8 b3 52. Ke7 b2 53. Kd6 b1Q 54. Kc5 Qf5+ 55. Kd6 Kc4 56. Ke7 Kd5 57. Kd8 Kd6 58. Ke8 Qd7+ 59. Kf8 Ke6 60. Kg8 Kf6 0-1

[Event "GER-chT U12"]
[Site "Magdeburg"]
[Date "2021.08.05"]
[Round "2.3"]
[White "Haubold, Christian Lucas"]
[Black "Wagner, Anton"]
[Result "1-0"]
[WhiteElo "1649"]
[BlackElo "1406"]
[PlyCount "49"]
[EventDate "2021.08.04"]
[EventType "team-swiss"]
[EventRounds "7"]
[EventCountry "GER"]
[SourceTitle "EXT 2022"]
[Source "ChessBase"]
[SourceDate "2021.10.06"]
[SourceVersion "1"]
[SourceVersionDate "2021.10.06"]
[SourceQuality "1"]
[WhiteTeam "Stassfurt Einheit"]
[BlackTeam "Erfurt USV"]
[WhiteTeamCountry "GER"]
[BlackTeamCountry "GER"]

1. e4 e5 2. Nf3 Nc6 3. Bc4 Bc5 4. d3 h6 5. c3 Nf6 6. a4 a5 7. Na3 0-0 8. Nc2 d5 9. exd5 Nxd5 10. h3 Be6 11. 0-0 Kh8 12. Re1 Bd6 13. Bb5 Nde7 14. d4 exd4 15. Nfxd4 Bd7 16. Qh5 Kh7 17. Bd3+ g6 18. Qxh6+ Kg8 19. Bg5 f6 20. Bxg6 Nxg6 21. Qxg6+ Kh8 22. Bh6 Rg8 23. Qh5 Be8 24. Bg7+ Kxg7 25. Ne6# 1-0